000 01071cam a22002891i 4500
003 SA-RiAUC
005 20241016082957.0
008 241015s1992 su g b 00010 ara c
040 _aKFU
_bara
_cSA-RiAUC
_erda
050 0 0 _b.T43 1992
082 0 4 _a253.2
_qSA-RiAUC
090 _a253.2
_bا ب ن ث
100 1 _aابن ثنيان، سليمان بن إبراهيم
_eمؤلف.
245 1 2 _aالجوائح وأحكامها /
_cتأليف سليمان بن إبراهيم الثنيان.
250 _aالطبعة الأولى.
264 1 _aالرياض :
_bدار عالم الكتب،
_c1992
300 _a360 صفحة ؛
_c26 سم
336 _aنص
_btxt
_2rdacontent
_3كتاب
337 _aبدون وسيط
_bn
_2rdamedia
338 _aمجلد
_bnc
_2rdacarrier
504 _aببليوجرافية : صفحة 314-336.
650 7 _aبيع الثمار (فقه إسلامي)
_2aucsh
650 7 _aالبيع (فقه إسلامي)
_2aucsh
942 _2ddc
_cBOOK
_n0
949 _aSA-JeALM
_d241015
_umohamedma123
_n1
999 _c1405
_d1405